12 Strong (and angry) Men V Quiz Stats

 Plays Quiz not verified by Sporcle

Score 0/12 Timer 03:00
0 Plays Today
% Correct
Deadpool
(played by Ryan Reynolds)
97.5%
Neo
(played by Keanu Reeves)
97.5%
Zorro
(played by Antonio Banderas)
96.6%
The Lone Ranger
(played by Armie Hammer)
96.2%
Blade
(played by Wesley Snipes)
96.2%
Ghost Rider
(played by Nicolas Cage)
94.6%
Sherlock Holmes
(played by Robert Downey Jr.)
92.4%
Spawn
(played by Michael Jai White)
92.2%
Westley
(played by Cary Elwes)
91.3%
Owen Grady
(played by Chris Pratt)
91%
Korben Dallas
(played by Bruce Willis)
89.5%
The Punisher
(played by Thomas Jane)
86.5%

You're not logged in!

Compare scores with friends on all Sporcle quizzes.
OR
Log In

Sporcle TV

Today on Sporcle TV


Watch our educational content, quiz creation guides, and fun videos on Sporcle TV.

Show Comments

Extras

Top Quizzes Today


Score Distribution

Your Account Isn't Verified!

In order to create a playlist on Sporcle, you need to verify the email address you used during registration. Go to your Sporcle Settings to finish the process.

Report this User

Report this user for behavior that violates our Community Guidelines.

Details: